<?xml version="1.0" encoding="UTF-8"?>
<record
    xmlns:xsi="http://www.w3.org/2001/XMLSchema-instance"
    xsi:schemaLocation="http://www.loc.gov/MARC21/slim http://www.loc.gov/standards/marcxml/schema/MARC21slim.xsd"
    xmlns="http://www.loc.gov/MARC21/slim">

  <leader>01416nam a2200205 a 4500</leader>
  <controlfield tag="008">161215t2013    ag  |||g  ||| 001 p spa d</controlfield>
  <datafield tag="020" ind1=" " ind2=" ">
    <subfield code="a">9789876041959</subfield>
  </datafield>
  <datafield tag="041" ind1=" " ind2=" ">
    <subfield code="a">spa</subfield>
  </datafield>
  <datafield tag="092" ind1=" " ind2=" ">
    <subfield code="c">808.8</subfield>
    <subfield code="l">77</subfield>
    <subfield code="s">SAR</subfield>
  </datafield>
  <datafield tag="100" ind1="1" ind2=" ">
    <subfield code="a">Sarachu, Sergio</subfield>
    <subfield code="9">3287</subfield>
  </datafield>
  <datafield tag="245" ind1=" " ind2=" ">
    <subfield code="a">Puert@s Suspensiv@s /</subfield>
    <subfield code="c">Sergio Sarachu</subfield>
  </datafield>
  <datafield tag="250" ind1=" " ind2=" ">
    <subfield code="a">1a ed.</subfield>
  </datafield>
  <datafield tag="260" ind1=" " ind2=" ">
    <subfield code="a">Neuqu&#xE9;n:</subfield>
    <subfield code="b">EDUCO;</subfield>
    <subfield code="c">2013.</subfield>
  </datafield>
  <datafield tag="300" ind1=" " ind2=" ">
    <subfield code="a">74 p.</subfield>
    <subfield code="c">21x15 cm.</subfield>
  </datafield>
  <datafield tag="500" ind1=" " ind2=" ">
    <subfield code="a">Sarachu, S. (2013). Puert@s suspensiv@s. (1a ed.). Neuqu&#xE9;n : EDUCO.</subfield>
  </datafield>
  <datafield tag="505" ind1=" " ind2=" ">
    <subfield code="a">Sergio Sarachu, poeta, periodista y restaurador de muebles antiguos, naci&#xF3; en Olavarr&#xED;a y desde 1974 -con algunas intermitencias- reside en Neuqu&#xE9;n. Pertenece al grupo de escritores patag&#xF3;nicos que en los finales de la dictadura irrumpi&#xF3; en la literatura nacional con una poes&#xED;a comprometida y de ruptura. De esa generaci&#xF3;n literaria que gir&#xF3; en torno a la revista Coir&#xF3;n -fue su Jefe de Redacci&#xF3;n- y del Centro de Escritores Patag&#xF3;nicos. Sarachu es el &#xFA;nico que a&#xFA;n permanec&#xED;a in&#xE9;dito. Durante estos a&#xF1;os fue premiado en varias oportunidades e incluido en publicaciones y antolog&#xED;as. En su poema Tarea nos dice: "el poeta restaura una emoci&#xF3;n que est&#xE1; en el otro. Se hace poes&#xED;a, polvo, &#xE1;rbol, denuncia, silencio en suspensi&#xF3;n. Hasta que llega otr@ puert@...otr@ poeta, a seguir la tarea..."</subfield>
  </datafield>
  <datafield tag="590" ind1=" " ind2=" ">
    <subfield code="a">Proyecto 4to libro. Donaci&#xF3;n EDUCO, Septiembre 2017.</subfield>
  </datafield>
  <datafield tag="655" ind1=" " ind2=" ">
    <subfield code="a">Poesia</subfield>
    <subfield code="9">2929</subfield>
  </datafield>
  <datafield tag="942" ind1=" " ind2=" ">
    <subfield code="2">ddc</subfield>
    <subfield code="c">LIT</subfield>
  </datafield>
  <datafield tag="999" ind1=" " ind2=" ">
    <subfield code="c">2454</subfield>
    <subfield code="d">2454</subfield>
  </datafield>
  <datafield tag="952" ind1=" " ind2=" ">
    <subfield code="0">0</subfield>
    <subfield code="1">0</subfield>
    <subfield code="2">ddc</subfield>
    <subfield code="4">0</subfield>
    <subfield code="7">0</subfield>
    <subfield code="a">BFM</subfield>
    <subfield code="b">BFM</subfield>
    <subfield code="c">CR</subfield>
    <subfield code="d">2017-09-19</subfield>
    <subfield code="e">Proyecto 4to libro. Donaci&#xF3;n EDUCO, Septiembre 2017.</subfield>
    <subfield code="l">0</subfield>
    <subfield code="o">808.8 77 SAR</subfield>
    <subfield code="p">3915</subfield>
    <subfield code="r">2017-09-19</subfield>
    <subfield code="t">Ej. 1</subfield>
    <subfield code="w">2017-09-19</subfield>
    <subfield code="y">LIT</subfield>
    <subfield code="z">Proyecto 4to libro. Donaci&#xF3;n EDUCO, Septiembre 2017.</subfield>
  </datafield>
</record>
